000 00832nam a2200265 a 4500
001 25820
003 BD-RjUL
005 20211209050931.0
008 140319s1980 ii b 001 0 eng d
035 _a(BD-RjUL)25890
040 _aLC
_beng
_cLC
_dNNCU:A
_dBD-RjUL
041 _aeng
082 0 4 _a336.27863
_223
_bBAA V-1 1980
100 1 _aBanerjee, Anil Chandra,
_d1910-
_979332
245 1 4 _aThe Agrarian System of Bengal /
_cAnil Chandra Banerjee.
260 _aCalcutta :
_bK.P. Bagchi,
_c1980.
300 _a v. ;
_c22 cm.
504 _aIncludes bibliographies and indexes.
505 0 _aVol. 1 : 1582-1793 --
650 0 _aAgriculture
_xTaxation
_zIndia
_zBengal
_xHistory.
_979333
650 0 _aLand value taxation
_zIndia
_zBengal
_xHistory.
_979334
942 _2ddc
_cBK
999 _c25820
_d25820